00871cam a22002177a 4500003000500000005001700005008004100022010001000063011001000073035001000083040000900093100003700102245017500139260003700314300002100351502015100372650003600523650003300559650003300592650002800625CHAP20220329142051.0990521d1997 mx r 00110 spa d a77899 a78871 a88973 cCHAP00aCastillo Martínez, Angélica.10aEvaluación de dos niveles (2.5 y 5.0%) de suero de leche suplementados en el agua de bebida en pollos de engorda en trópico secoc/ por Angélica Castillo Martínez aCocula, Gro. :bEl autor,c1997. a46 h. :bcuadros aTesis (Ing. Agr. Zootecnista) -- Colegio Superior Agropecuario del Estado de Guerrero. Centro de Estudios Profesionales. Departamento de Zootecnia14aAves de corralxAlimentación.14aAves de corralxNutrición.14aLeche en nutrición animal.14aSueroxValor nutritivo.